000 00734nam a2200217 i 4500
001 148718
003 ES-MaACL
005 20251108164915.0
007 t|
008 070214s1913 fr r ||||1| fre d
100 1 _aSuarès, André.
_9108534
245 1 0 _aTrois hommes
_b: Pascal, Ibsen, Dostoievski /
_cAndré Suarès [seud. de Felix André Ives Scantrel].
250 _a4è éd.
260 _aParis :
_bNouvelle Revue Française,
_c1913 (
_eBruges :
_fSainte-Catherine)
300 _a363 p. ;
_c19 cm.
600 1 4 _aIbsen, Henrik,
_d1828-1906
_965031
600 1 4 _aPascal, Blaise,
_d1623-1662
_989307
600 1 4 _aDostoievski, Fiódor,
_d1821-1881
_9242371
852 _aES-MaACL
_jF-8150
999 _c148718
_d148718